LEADER 01331nam a2200253 i 4500 001 000000226969 003 CaOOAMICUS 005 20140211000000.0 008 140211s1899 it u000 u ita u 013 $a205871 040 $aSeMil$bita 100 1 $aBilleri, Paolo,$c.$0(OLS)http://semarc/name/66990 245 12$aL'enciclica Aeterni patris :$bsua necessitą, suo senso e risposta alle obbiezioni : nuovo commento, con aggiunta di giudizi editi ed inediti di G. Audisio /$cpel p. maestro fr. Paolo Billeri. 260 $aPisa :$bTipografia del cav. F. Mariotti,$c1899. 300 $aXV, 137 p. ;$c19 cm. 500 $aManca la cop. - Fondo Card. C.M. Martini. 650 4$aLeone XIII - Encicliche . Aeterni Patris.$0(OLS)http://semarc/subject/9872 700 1 $aAudisio, Guglielmo <1802-1882>.$0(OLS)http://semarc/name/4298 850 $aSeMil 852 $aSeMil$W1$xVenegono$y1$m2A II 23 FA$j177315$B177315$CSeMilBibl$Z2$F188103 $8I 941 1 $a4 961 $aOmaggio: Martini Card. Carlo Maria 996 $6245$aL'enciclica Aeterni patris :$bsua necessitą, suo senso e risposta alle obbiezioni : nuovo commento, con aggiunta di giudizi editi ed inediti di G. Audisio$9(OLS)http://semarc/title/324935 996 $6260$aPisa :$bTipografia del cav. F. Mariotti$9(OLS)http://semarc/publisher/53548 LEADER 01296nam a2200205 i 4500 001 000000030874 003 CaOOAMICUS 005 20220818101552.0 008 180830n it u000 u ita u 040 $aSeMil$bita 100 1 $aMarchetti, Giovanni,$c.$0(OLS)http://semarc/name/12331 245 10$aAnnotazioni pacifiche di un parroco cattolico a monsignor vescovo di Pistoja e Prato sopra la sua lettera pastorale de' 5 ottobre 1787 al clero, e popolo della cittą e diocesi di Prato. 260 $a[S.l. :$bs.n.],$cLi 5 Marzo 1738. 300 $a2 v. ;$c8°. 500 $aPer il nome dell'A. Giovanni Marchetti, cfr. G. Melzi. Anonime e pseudonime, vol.1 p. 61. - Legati insieme i 2 vol. 774 0 $t[1].$g1$w()235334 774 0 $tLettera pastorale di monsignor vescovo di Pistoja e Prato al clero e popolo della cittą e diocesi di Prato stampata in Pistoja con data del 1787. Per Atto Bracali stampator vescovile con approvazione.$g2$w()235336 996 $6245$aAnnotazioni pacifiche di un parroco cattolico a monsignor vescovo di Pistoja e Prato sopra la sua lettera pastorale de' 5 ottobre 1787 al clero, e popolo della cittą e diocesi di Prato$9(OLS)http://semarc/title/42010 996 $6260$a[S.l. :$bs.n.]$9(OLS)http://semarc/publisher/29751